000 00584nam a22001817a 4500
003 OSt
005 20251007122433.0
008 251007b |||||||| |||| 00| 0 eng d
020 _a02818515
040 _aLC
_cJCSC
050 _aTJ 163.25
_b.E54 1984
245 _aEnergy,environment and development in Africa 1 :
_bEnergy and development in kenya : opportunies and constraints /
_cEdited by Phil O' Keefe and Steve Bernow.
260 _aSweden :
_bThe Beijer institute ;
_c1984.
300 _a185 pages.
650 _aenergy
651 _venvironment
_zAfrica
942 _2lcc
_cBK
_n0
999 _c22652
_d22652